Antonym Movies Quiz 1 - Statistics

General Stats
  • This quiz has been taken 52 times
  • The average score is 9 of 12
Answer Stats
Hint Answer % Correct
Down Up
100%
Front to the Past Back to the Future
98%
Outside In Inside Out
98%
The Bad, the Good, and the Pretty The Good, the Bad, and the Ugly
92%
Stranger, I Swelled the Parents Honey, I Shrunk the Kids
79%
It's an Awful Death It's a Wonderful Life
73%
Nice Boys Mean Girls
73%
The Prince Husband The Princess Bride
71%
Mr. Certaintywater Mrs. Doubtfire
69%
Fearful Brave
48%
Sane Psycho
31%
Inertia Gravity
23%
No matching quizzes found
Score Distribution
Percent of People with Each Score
Percentile by Number Answered
Your Score History
You have not taken this quiz